al-Ḥajjāj ibn Yūsuf. (Record no. 47618)

MARC details
000 -LEADER
fixed length control field 00522cam a22002051 4500
001 - CONTROL NUMBER
control field ne 64003052
003 - CONTROL NUMBER IDENTIFIER
control field DLC
005 - DATE AND TIME OF LATEST TRANSACTION
control field 20260227111807.0
008 - FIXED-LENGTH DATA ELEMENTS--GENERAL INFORMATION
fixed length control field 890404q xx 000 0 ara
010 ## - LIBRARY OF CONGRESS CONTROL NUMBER
LC control number ne 64003052
035 ## - SYSTEM CONTROL NUMBER
System control number (OCoLC)23522922
040 ## - CATALOGING SOURCE
Original cataloging agency DLC
Transcribing agency MiU
Modifying agency DLC
050 00 - LIBRARY OF CONGRESS CALL NUMBER
Classification number PJ7876.A9
Item number H3
100 1# - MAIN ENTRY--PERSONAL NAME
Personal name Zaydān, Jirjī,
Dates associated with a name 1861-1914.
245 14 - TITLE STATEMENT
Title al-Ḥajjāj ibn Yūsuf.
260 ## - PUBLICATION, DISTRIBUTION, ETC.
Date of publication, distribution, etc. [19-]
300 ## - PHYSICAL DESCRIPTION
Extent 166 p.
Dimensions 25 cm.
500 ## - GENERAL NOTE
General note Romanized.
600 00 - SUBJECT ADDED ENTRY--PERSONAL NAME
Personal name Ḥajjāj ibn Yūsuf,
Dates associated with a name 661-714
Form subdivision Fiction.

No items available.

Powered by Koha